| 000 | 01077 a2200181 4500 | ||
|---|---|---|---|
| 003 | NUST | ||
| 005 | 20231128123727.0 | ||
| 040 | _cNust | ||
| 082 | _a515.15,THO | ||
| 100 |
_aFinney, Thomas _9103299 |
||
| 245 |
_aCalculus and analytic Geometry / _cThomas / Finney |
||
| 250 | _a8th ed. | ||
| 260 |
_aUSA _bAddison Wesley _c1992 |
||
| 300 | _axviii, 1041 p.: | ||
| 505 | _aThe rate of change and function (Page-1), Derivatives (Page-95), Applications of derivatives (Page-180), Integration (Page-250), Applications of definite integrals (Page-315), Transcendental functions (Page-381), Integration methods (Page-444), Plane Analytic Geometry (Page-510), Hyperbolic functions (Page-552), Polar Coordinates (Page-570), Sequences and Infinite Series (Page-594), Power Series (Page-657), Vectors (Page-697), Vector Functions and Their Derivatives (Page-758), Partial Derivatives (Page-794), Multiple Integrals (Page-894), Vector Analysis (Page-938), Differential Equations (Page-996). | ||
| 650 |
_aCalculus and analytic Geometry _9103069 |
||
| 942 |
_2ddc _cBK _k515.15,THO |
||
| 999 |
_c194629 _d194629 |
||